| 000 | 00659nas a2200229 a 4500 | ||
|---|---|---|---|
| 001 | 000468585 | ||
| 003 | AM-YeHGA | ||
| 005 | 20250618072531.0 | ||
| 008 | 051214c19099999ua |rzp 0 0arm d | ||
| 040 | _aAM-YeHGA | ||
| 041 | 0 | _aarm | |
| 222 | 0 | _aԱվել | |
| 245 | 0 | 0 |
_aԱվել : _bԶավեշտաթերթ. |
| 260 |
_aԿահիրե : _bԱ.հ., _c1909-. |
||
| 300 |
_aհամար _bնկ. |
||
| 362 | 0 | _a1909- | |
| 650 | 0 | 4 | _aԱմսագիր |
| 650 | 1 | 4 |
_aԱզգային գաղափարախոսություն _vՊարբերականներ |
| 650 | 1 | 4 |
_aԳրականություն _vՊարբերականներ _98507 |
| 942 |
_2udc _cCR |
||
| 090 | _c172522 | ||
| 999 |
_c171084 _d171084 |
||